| 000 | 01157nam a2200253 a 4500 | ||
|---|---|---|---|
| 001 | 81220 | ||
| 003 | BD-RjUL | ||
| 005 | 20230214094701.0 | ||
| 008 | 230214s1957 u 000 0 ara d | ||
| 035 | _a(BD-RjUL)81220 | ||
| 040 |
_aBIC _beng _cBD-RjUL |
||
| 041 | _aara | ||
| 082 |
_223 _a892.71 _bIBD 1957 |
||
| 090 | _a811.1 ديو | ||
| 100 |
_aبن الأبرص, عبيد.Ibn al-Abras, Obaid. _96969 |
||
| 245 | 0 | 0 |
_aديوان عبيد بن الأبرص /Diwan Obaid bin Al-Abras / _cعبيد بن الأبرص.Obaid bin Al-Abras. |
| 260 |
_aبيروت : _bدار صادر, _c[د. ت.]. |
||
| 300 |
_a177 ص. ; _c24 سم. |
||
| 600 | 1 | 7 |
_aعبيد بن الابرص _xالشعر _96970 |
| 600 | 1 | 7 |
_aعبيد بن الأبرص _xدواوين وقصائد _96971 |
| 600 | 1 | 7 |
_aعبيد بن الأبرص، أبو زياد عبيد بن الأبرص بن عوف بن جشم الأسدي، _dت نحو 25 قبل الهجرة[ - نحو 597 م.] _96972 |
| 700 | 1 |
_aعبيد بن الأبرص، أبو زياد عبيد بن الأبرص بن عوف بن جشم الأسدي، _dت نحو 25 ق . ه[ - نحو 597م] _96973 |
|
| 942 |
_2ddc _cBK |
||
| 999 |
_c81220 _d81220 |
||